Statistics for Name Undertale Characters

Click here to take the quiz!

General Stats

  • This quiz has been taken 18 times
  • The average score is 42 of 64

Answer Stats

HintPlaces Encountered InRoutes Seen InAnswer% Correct
The first monster you meet, claims to be your friendRuins,Snowdin,Waterfall,Hotland,New Home,BarrierAllFlowey The Flower
100%
The Character you play asEverywhereAllFrisk
100%
The monster that saves you from the monster aboveRuins,Waterfall (Dialogue),Barrier,Hard ModeAllToriel Dreemurr
100%
Six human souls, and all monster soulsBarrierTrue PacifistAsriel Dreemurr
92%
A training dummyRuinsAllDummy
92%
Immune to attacks, a killer robotHotlandAllMettaton
92%
An innocent skeleton, cant bring himself to hurt othersSnowdin,Waterfall,BarrierAllPapyrus
92%
Lazy skeleton, but dont mess with himSnowdin,Waterfall,Hotland,BarrierAllSans The Skeleton
92%
First monster that you encounterRuins,Barrier,Hard ModeAllFroggit
85%
Happy DummyWaterfallGenocideGlad Dummy
85%
Dummy that is angry at youWaterfallNeutral,True PacifistMad Dummy
85%
Spider monsterHotland,BarrierAllMuffet
85%
Introverted GhostRuins,WaterfallAllNapstablook
85%
Secret mini-bossHotlandAllSo Sorry
85%
Fish monster, head of the Royal GuardWaterfall,HotlandAllUndyne
85%
The old royal scientist that fell into the CORE and shattered across time and spaceWaterfallAllW.D. Gaster
85%
A dogWaterfallAllAnnoying Dog
77%
Bigger Guard DogSnowdinAllGreater Dog
77%
Guard DogSnowdinAllLesser Dog
77%
A monster that does not like to be picked onRuinsAllLoox Eyewalker
77%
Famous for its high defense, but our attack is strongerCOREGenocideMettaton NEO
77%
A Jelly-Like MonsterRuins,WaterfallAllMoldsmal
77%
A clumsy kid without armsWaterfallAllMonster Kid
77%
Gramatically-Challenged CatWaterfallAllTemmie
77%
Bodybuilder, likes to flexWaterfallAllAaron
69%
A dog with a wifeSnowdinAllDogamy
69%
A dog with a husbandSnowdinAllDogaressa
69%
Only sees moving thingsSnowdinAllDoggo
69%
Buffed version of the first nonster you encounterCOREAllFinal Froggit
69%
Easily falls asleepCORE,BarrierAllKnight Knight
69%
A Ghost inside a Toy-ish character from an animeSnowdinAllMad Mew Mew
69%
Famous RobotCORENeutral,True PacifistMettaton EX
69%
Six Souls under his controlBarrierNeutralOmega Flowey
69%
Monster that wants to singWaterfallAllShyren
69%
Wants to be a comedian,ran away from his dad, nicknamed SnowySnowdinAllSnowdrake
69%
The HeroineWaterfallGenocideUndyne The Undying
69%
A carrot-like monster that likes healthy eatingRuinsAllVegetoid
69%
Likes to clean,hates dirtinessWaterfallAllWoshua
69%
King of all monsters, nicknamed King FluffybunsNew Home,BarrierAllAsgore Dreemurr
62%
Friend of Snowy, Appears if Snowy was killedSnowdinNeutral,GenocideChilldrake
62%
Secret Mini-BossSnowdinAllGlyde
62%
Appears if you take a certain monster's cap offSnowdinAllIce
62%
Likes his cool capSnowdinAllIce Cap
62%
Everyone dislikes himSnowdinAllJerry
62%
A plane with a crush on youHotlandAllTsunderplane
62%
Volcano monsterHotlandAllVulkin
62%
A flying monster which is easily scaredRuinsAllWhimsun
62%
Monster that likes to be aloneRuinsAllMigosp
54%
Buffed version of the scared monsterCOREAllWhimsalot
54%
Likes to be picked onCOREAllAstigmatism
46%
Amalgamate named after a type of breadTrue LaboratoryTrue PacifistLemon Bread
46%
A magician monsterCOREAllMadjick
46%
Comes in three, circle with six facesTrue LaboratoryTrue PacifistMemoryhead
46%
A monster disguised as an enemy in the RuinsWaterfallAllMoldbygg
46%
Can't decide on a face,Can't see friend from foeRuinsHard ModeMoldessa
46%
Amalgamate, a mother and wifeTrue LaboratoryTrue PacifistSnowdrake's Mother
46%
This messed-up clownbug thinks battle's a performanceRuinsHard ModeMigospel
38%
Medusa-likeRuinsHard ModeParsnik
38%
A monster with fire powersHotlandAllPyrope
38%
A dog amalgamateTrue Laboratory,SnowdinTrue PacifistEndogeny
31%
One of the royal guards, has crush on the other royal guardHotlandAllRoyal Guard 01
31%
Royal guard, doesnt like to speakHotlandAllRoyal Guard 02
31%
Your friendsBarrierTrue PacifistLost Souls
23%
A bird like amalgamateTrue LaboratoryTrue PacifistRepear Bird
8%

Score Distribution

Percentile by Number Answered

Percent of People with Each Score

Your Score History

You have not taken this quiz